The Heist of the century (Record no. 37427)

MARC details
000 -LEADER
fixed length control field 00275nam a2200109Ia 4500
082 ## - DEWEY DECIMAL CLASSIFICATION NUMBER
Classification number 82-3
Item number MAU
100 ## - MAIN ENTRY--AUTHOR NAME
Personal name Maurice, Rene Louis
245 #4 - TITLE STATEMENT
Title The Heist of the century
260 ## - PUBLICATION, DISTRIBUTION, ETC. (IMPRINT)
Place of publication Great Britain
Name of publisher Fontana
Year of publication 1978
942 ## - ADDED ENTRY ELEMENTS (KOHA)
Koha item type Books
Holdings
Withdrawn status Lost status Damaged status Not for loan Home library Current library Date acquired Full call number Accession Number Koha item type
        RRII Library RRII Library 16/12/2021 82-3 MAU 17810 Books